| 000 | 01289cam a2200361 i 4500 | ||
|---|---|---|---|
| 001 | 197987 | ||
| 003 | ES-MaACL | ||
| 005 | 20260208063017.0 | ||
| 007 | ta | ||
| 008 | 251026s2010 sp |||| 001 f spa | ||
| 017 |
_aM 30943-2010 _bOficina Depósito Legal Madrid |
||
| 020 | _a978-84-9734-989-5 | ||
| 040 |
_aES-MaACL _bspa _cES-MaACL _erdc |
||
| 080 | _a821.134.2-31"19" | ||
| 100 | 1 |
_aSan Sebastián, Isabel _d1959- _9242548 _eaut |
|
| 245 | 1 | 0 |
_aImperator : _buna cátara en la corte siciliana de Federico II, el monarca que asombró al mundo / _cIsabel San Sebastián |
| 250 | _aPrimera edición: agosto de 2010 | ||
| 264 | 1 |
_aMadrid : _bLa Esfera de los Libros, _c2010 |
|
| 264 | 4 | _a@2010 | |
| 300 |
_a497 páginas ; _c25 cm |
||
| 336 |
_2rdacontent _atexto |
||
| 337 |
_2rdamedia _asin mediación |
||
| 338 |
_2rdacarrier _avolumen |
||
| 490 | 0 | _aNovela histórica | |
| 500 | _aÍndice | ||
| 655 | 7 |
_2tgfbne _9226782 _aNovelas históricas |
|
| 852 |
_aES-MaACL _cDEPO1 _jA-15898 _hDonación: José Lázaro García _xEncuadernación cartoné _9207032 |
||
| 901 | _aMON1011 | ||
| 942 |
_cMONOGRAFIA _n0 |
||
| 999 |
_c197987 _d197987 |
||